Really Hard Random Questions - Statistics

General Stats
  • This quiz has been taken 14 times
  • The average score is 1 of 10
Answer Stats
Hint Answer % Correct
Capital of Uzbekistan Tashkent
89%
Famous painter who was formerly a military drill seargant Bob Ross
11%
This language: " ᐃᓄᒃᑎᑐᑦ " Inuktitut
11%
Name of the division symbol (÷) obelus
11%
Only president to be a local wrestling champion before taking office Abraham Lincoln
0%
Name of the point in pi when there are 6 9s in a row Feynman point
0%
Hokey the house elf's owner in Harry Potter Hepzibah Smith
0%
Name of the bird on the former Twitter logo Larry
0%
Name of the gecko in the GEICO commercials Martin
0%
Oyster larvae spat
0%
No matching quizzes found
Score Distribution
Percent of People with Each Score
Percentile by Number Answered
Your Score History
You have not taken this quiz